00490nam a2200181 a 4500001001300000003000900013005001700022008004100039020002300080082001600103245004500119260002400164300000900188500003500197505002400232650002200256710003000278nice12345678IN_TiNIC20260116012801.0050524s1981 gena grp 000 0 eng  a2825435 c10000a269.2bWCC1 aYour Kingdom Comeb Mission Perspectives aGeneva bWCC c1981 a288p aincludes index and biblioraphy2 aIndex, Bibliography aEvangelistic Work2 aWorld Council of Churches